Critical essays on Herman Melville's Typee /

Bibliographic Details
Other Authors: Stern, Milton R.
Format: Book
Language:English
Published: Boston, Mass. : G.K. Hall, 1982.
Series:Critical essays on American literature.
Subjects:

MARC

Tag First Indicator Second Indicator Subfields
LEADER 00000pam a2200000 a 4500
001 in00000336646
005 20151011051833.0
008 820323s1982 mau b 00100 eng
010 |a  82006070  
020 |a 0816184453 
035 |a (OCoLC)08345470 
035 |9 ABL0969AM 
039 0 |a 2  |b 3  |c 3  |d 3  |e 3 
040 |a DLC  |c DLC  |d TXA  |d UtOrBLW 
043 |a pofp--- 
049 |a TXAM  |c [775154] 
050 0 0 |a PS2384 T83  |b  C7 1982 
082 0 |a 813/.3  |2 19 
245 0 0 |a Critical essays on Herman Melville's Typee /  |c [edited by] Milton R. Stern. 
264 1 |a Boston, Mass. :  |b G.K. Hall,  |c 1982. 
300 |a viii, 323 pages ;  |c 24 cm. 
336 |a text  |b txt  |2 rdacontent 
337 |a unmediated  |b n  |2 rdamedia 
338 |a volume  |b nc  |2 rdacarrier 
490 1 |a Critical essays on American literature 
500 |a Includes index. 
504 |a Bibliography: pages 259-314. 
600 1 0 |a Melville, Herman,  |d 1819-1891.  |t Typee. 
650 0 |a Marquesas Islands in literature. 
700 1 |a Stern, Milton R. 
830 0 |a Critical essays on American literature. 
999 |a MARS 
999 f f |s 2cc606b8-b378-3d68-95dd-caa7310a2fa0  |i 8e3b1ba3-ff4c-301e-93c1-e382c8483a77  |t 0 
952 f f |p normal  |a Texas A&M University  |b College Station  |c Sterling C. Evans Library  |d Evans: Library Stacks  |t 0  |e PS2384 T83 C7 1982  |h Library of Congress classification  |i unmediated -- volume  |m A14806447558 
998 f f |a PS2384 T83 C7 1982  |t 0  |l Evans: Library Stacks